000 00764nam a2200277 a 4500
003 AR-BaBNM
005 20251128204142.0
008 082120s2002 ||||||||||||||000 | spa||
020 _a950-25-0089-X
040 _cAR-BaBNM
245 0 0 _aLa Vanguardia
_bselección de textos 1894-1955
260 _aBuenos Aires
_bCentro Editor de América Latina
_c1985
300 _a141 p.
490 0 _aBiblioteca política Argentina
_vv. 90
650 4 _aHISTORIA ARGENTINA
650 4 _aPOLITICA
650 4 _aHISTORIA DE LAS IDEAS
650 4 _aIDEOLOGIAS POLITICAS
650 4 _aSOCIALISMO
650 4 _aPERIODICOS
651 4 _aArgentina
700 1 _aReinoso, Roberto
_ecompilador
800 1 _aTroncoso, Oscar
_edirector
942 _cBK
998 _cenrique
999 _c6385
_d6385